000 00396nam a2200169Ia 4500
008 170705s9999 xx 000 0 und d
020 _a590639196
245 4 _aThe voice on the radio /
245 _cCaroline B. Cooney.
260 _aNew York :
260 _bScholastic,
260 _c1996
300 _a183 pages :
300 _bcolor illustration ;
300 _c19cm.
500 _a660
999 _c336234
_d336234